| 000 | 00410nam a22001457a 4500 | ||
|---|---|---|---|
| 005 | 20250916100124.0 | ||
| 008 | 250916b |||||||| |||| 00| 0 eng d | ||
| 020 | _a9964302738 | ||
| 050 |
_aLB1028 _bOPO |
||
| 100 | _aOPOKU J. Y. | ||
| 245 | _aA SHORT GUIDE TO RESEARCH WRITING IN THE SOCIAL SCIENCES AND EDUCATION | ||
| 260 |
_aACCRA _bGHAN UNIVERSITIES PRESS _cc2002 |
||
| 300 | _aix, 42p | ||
| 942 |
_2lcc _cBK _n0 |
||
| 999 |
_c7569 _d7569 |
||